| 000 | 00850nam a22002417a 4500 | ||
|---|---|---|---|
| 005 | 20170124110240.0 | ||
| 010 | _aB-022569 | ||
| 020 |
_c00.00 _a8124601445 |
||
| 035 | _aB-022569 | ||
| 037 | _bCen Lib/Ret | ||
| 040 |
_aDPL _bEN |
||
| 082 |
_a954.05 _bMEI |
||
| 100 |
_aMeininger, Irmgard _994538 |
||
| 245 |
_aThe kingdom of Mewar : _cby Irmgard Meininger _bgreat struggles and glory of the world's oldest ruling dynasty / |
||
| 246 | _b | ||
| 260 |
_aNew Delhi _bD.K. Printworld _c2000 |
||
| 270 |
_bNew Delhi _aF-52, Bali nagar _e110015 |
||
| 300 |
_axii, 208p. : _c28cm(Hb) _bill. |
||
| 500 | _aIncludes glossary, bibliographical references and index | ||
| 650 |
_aUdaipur (Princely State) -- History. _994539 |
||
| 650 |
_aUdaipur (Princely State) -- Pictorial works. _994540 |
||
| 942 |
_2ddc _cEN _h954.05 _mMEI |
||
| 999 |
_c135126 _d135126 |
||